000 03274nam0a22005411 4500
001 RU\NLR\A1\11222
005 20260407103916.0
035 _a(NLR Aleph) 009674009
090 _a9674667
_c9674667
100 _a19980515d1798 m y0rusy50 ca
101 0 _arus
102 _aRU
135 _acrcn 024anaba
140 _ay y mayaa0000
200 1 _aСлово о неразрывной связи истиннаго просвещения с благочестием,
_fв церкви Императорскаго Московскаго университета проповеданное воспитываемому юношеству протоиереем Феодором Малиновским, при вступлении его в звание настоятеля.
_gНоября 6 дня 1798 года.
210 _aМосква
_cв Университетской типографии, у Хр. Ридигера и Хр. Клаудия
_d[1798]
215 _a8 с.
_d
300 _aЦенз.: с одобр. Моск. ценз.
316 _aЭкз. РНБ (96/1061) в составном картон. пер., обтянутом серой бумагой, с зелеными ледериновыми корешком и уголками. На нижней крышке пер. экслибрис Рус. фонда ГПБ с шифром. На тит. л. круглый штамп ГПБ. На с.8 техн. штамп ГПБ. Пятна по всему кн. блоку. Размер: 26,3х20,2х0,5 см
_5NLR: 96/1061
317 _aВ экз. РНБ (96/1061) на с.2 экслибрис Д. Н. Шереметева (Богомолов. 17424).
_5NLR: 96/1061
321 1 _aСК XVIII 4018
325 _aКопия доступна в Электрон. б-ке РНБ
518 1 _aСлово о неразрывной связи истинного просвещения с благочестием
620 _dМосква
700 1 _6z01790
_aМалиновский
_bФ. А.
_f1738-1811
_gФедор Авксентьевич
702 1 _4610
_7ca
_8rus
_aРидигер
_bХ.
_gХристиан
_9232514
_3RU\NLR\AUTH\770232570
702 1 _4610
_7ca
_8rus
_aКлаудий
_bХ.А.
_f-1805
_gХристофор Александрович
_9232381
_3RU\NLR\AUTH\770232437
712 0 2 _4610
_aМосковский университет
_bТипография
_3RU\NLR\AUTH\889932963
_9361140
790 1 _6z01700
_aМалиновский
_bФ.
_gФеодор
801 0 _aRU
_bNLR
_c19980515
852 _aNLR
_j96/1061
856 0 _uhttp://vivaldi.nlr.ru/bx000016444/view
856 1 _uhttp://vivaldi.nlr.ru/bx000016444/cover
856 2 _uhttp://vivaldi.nlr.ru/bx000016444/text
899 _aРГБ
899 _aБАН
899 _aМГУ
899 _aГПИБ
942 _cBOOK
980 _aNB
980 3 _akpcivil
980 3 _akp
980 _aA1XVIIIv
981 2 0 _a(20) Книжные памятники РНБ
_b(20) Русский книжный фонд